| 000 | 01224cam a22003254a 4500 | ||
|---|---|---|---|
| 001 | 15712294 | ||
| 003 | ARRUPE | ||
| 005 | 20251022091849.0 | ||
| 008 | 090424s2008 miu b 001 0 eng | ||
| 010 | _a 2008904799 | ||
| 020 | _a9780981759302 | ||
| 035 | _a15712294 | ||
| 040 |
_aDLC _cDLC _dDLC |
||
| 050 | 0 | 0 |
_aRC521 _b.T48 2023 |
| 082 | 0 | 0 |
_a616.8/3 _222 |
| 100 | 1 |
_aCruz, Janet G. _952912 |
|
| 245 | 1 | 0 |
_aThe dementia caregiver's survival guide _ban 11-step plan to understanding the disease and how to cope with financial challenges, patient aggression, and depression without guilt, overwhelm, or burnout _cJanet G. Cruz |
| 260 |
_aFloridah : _bUnlimited concepts, _c2023. |
||
| 300 |
_c22 cm. _3Book _bN/A |
||
| 300 | _a191 pages. ; | ||
| 504 | _aIncludes bibliographical references and index. | ||
| 650 | 0 |
_aDementia _xPatients _xCare. _952913 |
|
| 650 | 0 |
_aCaregivers _xMental health. _952914 |
|
| 650 | 1 | 2 |
_aDementia _xnursing. _952915 |
| 700 | 1 |
_aThroop, Gerald S. _952916 |
|
| 906 |
_a7 _bcbc _corignew _d2 _encip _f20 _gy-gencatlg |
||
| 942 |
_2lcc _cMONOGRAPH |
||
| 999 |
_c131968 _d131968 |
||